000 00524nam a2200169Ia 4500
003 IN-BaIIA
008 211028s9999 xx 000 0 eng d
020 _a1-85538-454-X
040 _cIIA Library
080 _a635
_bPAT
100 _aPatnaik, Naveen
_921277
245 4 _aThe garden of life
_ban introduction to the healing plants of India
_cNaveen Patnaik
260 _aNew Delhi
_bAquarian
_c1993
300 _a195p.
650 _aGarden, Garden plants
_921278
942 _cBK
999 _c12187
_d12187